01388cam a2200301 i 450000100090000000300040000900500170001300800410003001000170007102000230008804000280011104200080013905000220014708200210016910000240019024501200021424600280033426400430036230000220040533600260042733700280045333800270048150002980050850400510080665000600085770000210091777601480093818635793OSt20180813085335.0150528s2016 ilu b 001 0 eng  a 2015018527 a9781433551819 (tp) aDLCbengcDLCerdadDLC apcc00aBT708b.P495 201600a233.5223bP665C1 aPiper, John,d1946-10a50 crucial questions :ban overview of central concerns about manhood and womanhood /cJohn Piper and Wayne Grudem.3 aFifty crucial questions 1aWheaton, Illinois :bCrossway,c[2016] a94 pages ;c21 cm atextbtxt2rdacontent aunmediatedbn2rdamedia avolumebnc2rdacarrier a"First published as "On Overview of Central Concerns: Questions and Answers," chapter 2 in Recovering Biblical Manhood and Womanhood: A Response to Evangelical Feminism, edited by John Piper and Wayne Grudem (Crossway), copyright © 1991, 2006 by The Council on Biblical Manhood and Womanhood. aIncludes bibliographical references and index. 0aSex rolexReligious aspectsxChristianityvMiscellanea.1 aGrudem, Wayne A.08iOnline version:aPiper, John, 1946-t50 crucial questionsbSecond Edition.dWheaton, Illinois : Crossway, 2016z9781433551826w(DLC) 2016004234